000 00560nam a2200241Ia 4500
005 20260306150701.0
008 008 260114s9999 xx 000 0 eng d
020 _a9780674044029
037 _aEbook
040 _aCRL
040 _beng
040 _cCRL
041 _2eng
041 _aeng
084 _qCRL
245 4 _aThe First Relationship
260 _bHarvard University Press
260 _c2004
650 _aSocial Sciences
856 _uhttps://www.degruyter.com/isbn/9780674044029
942 _cEBOOK
999 _c1698763
_d1698763